LEADER 00784nam0-22002891i-450- 001 990006921110403321 005 20010622 035 $a000692111 035 $aFED01000692111 035 $a(Aleph)000692111FED01 035 $a000692111 100 $a20010622d1941----km-y0itay50------ba 101 0 $aeng 102 $aUS 105 $ay-------001cy 200 1 $aModern tort problems$fby Laurence H. Eldredge 210 $aPhiladelphia$cGeorge T. Bisel Company$dc1941 215 $aXXXVII, 311 p.$d24 cm 676 $a346.02$v20$zita 700 1$aEldredge,$bLaurence H.$0226877 801 0$aIT$bUNINA$gRICA$2UNIMARC 901 $aBK 912 $a990006921110403321 952 $aVIII F 711$b74376$fFGBC 959 $aFGBC 996 $aModern Tort Problems$9582236 997 $aUNINA LEADER 01423aam 2200409I 450 001 9910709919103321 005 20151118015316.0 024 8 $aGOVPUB-C13-6c542ef4c9e0bc696c67e06e68738f02 035 $a(CKB)5470000002475079 035 $a(OCoLC)929878848 035 $a(EXLCZ)995470000002475079 100 $a20151118d1978 ua 0 101 0 $aeng 181 $2rdacontent 182 $2rdamedia 183 $2rdacarrier 200 10$aCollaborative reference program for paper $eReport no. 50G /$fR. G. Powell; E. B. Randall Jr.; J. Horlick 210 1$aGaithersburg, MD :$cU.S. Dept. of Commerce, National Institute of Standards and Technology,$d1978. 215 $a1 online resource 225 1 $aNBSIR ;$v78-1329 300 $a1978. 300 $aContributed record: Metadata reviewed, not verified. Some fields updated by batch processes. 300 $aTitle from PDF title page. 320 $aIncludes bibliographical references. 517 $aCollaborative reference program for paper 700 $aPowell$b R. G$01386938 701 $aHorlick$b J$01386491 701 $aPowell$b R. G$01386938 701 $aRandall$b E. B., Jr$01386939 712 02$aUnited States.$bNational Bureau of Standards. 801 0$bNBS 801 1$bNBS 801 2$bGPO 906 $aBOOK 912 $a9910709919103321 996 $aCollaborative reference program for paper$93436261 997 $aUNINA